[Event "Accademia Cup"]
[Site "Roma ITA"]
[Date "1997.??.??"]
[Round "?"]
[White "Ciotoli, Patrizio"]
[Black "Matano, Arturo"]
[Result "1-0"]
[WhiteElo "1956"]
[BlackElo "1672"]
[PlyCount "49"]
[EventDate "1997.??.??"]

1. e4 g6 2. Nc3 Bg7 3. f4 d6 4. Bc4 Nc6 5. Nf3 Bg4 6. Bxf7+ Kxf7 7. Ng5+ Ke8 8.
Qxg4 Nh6 9. Qd1 Qd7 10. O-O Bd4+ 11. Kh1 Ng4 12. Qf3 h6 13. Nh3 Rf8 14. d3 g5
15. Qe2 gxf4 16. Bxf4 Qe6 17. Nd5 Kd7 18. c3 Be5 19. d4 Bxf4 20. Ndxf4 Qg8 21.
Rf3 Rf7 22. Rg3 Rg7 23. Nh5 Rg6 24. N3f4 Rg5 25. h4 1-0

[Event "Accademia Cup"]
[Site "Roma ITA"]
[Date "1997.??.??"]
[Round "?"]
[White "Ciotoli, Patrizio"]
[Black "Russo, Massimiliano"]
[Result "1-0"]
[WhiteElo "1956"]
[BlackElo "1576"]
[PlyCount "114"]
[EventDate "1997.??.??"]

1. e4 a6 2. d4 b5 3. a4 Bb7 4. f3 e6 5. axb5 Nf6 6. Bg5 Be7 7. bxa6 Nxa6 8. Bd3
Nh5 9. Bxe7 Qxe7 10. Ne2 O-O 11. O-O Nb4 12. Rxa8 Rxa8 13. Na3 Nxd3 14. Qxd3
Ba6 15. Qd2 Bxe2 16. Qxe2 Nf4 17. Qd2 Qg5 18. Kh1 Qh6 19. g3 Qh3 20. Kg1 Ng6
21. Qb4 h5 22. Qb7 Rf8 23. Qxc7 e5 24. dxe5 h4 25. g4 Nf4 26. Rf2 Ne6 27. Qc4
Rb8 28. c3 Nf4 29. Qf1 Rb6 30. Rd2 g6 31. Qxh3 Nxh3+ 32. Kf1 Nf4 33. Nc4 Ra6
34. Na3 Rb6 35. c4 Rb3 36. Rc2 Rxf3+ 37. Rf2 Rxf2+ 38. Kxf2 Nd3+ 39. Ke3 Nxb2
40. Kf4 Nd3+ 41. Kg5 Nxe5 42. Kxh4 Kg7 43. Kg3 Kf6 44. h4 Nd3 45. Nb1 Nc5 46.
Kf4 Nd3+ 47. Kg3 Ke5 48. Nd2 Nc5 49. Nf3+ Ke6 50. Kf4 Nd3+ 51. Ke3 Nb2 52. Kd4
Nd1 53. Ng5+ Ke7 54. Nh3 Nb2 55. c5 Na4 56. Nf4 Nb2 57. h5 Na4 1-0

[Event "Accademia Cup"]
[Site "Roma ITA"]
[Date "1997.??.??"]
[Round "?"]
[White "Ciotoli, Patrizio"]
[Black "Tersigni, Andrea"]
[Result "1-0"]
[WhiteElo "1956"]
[BlackElo "1723"]
[PlyCount "39"]
[EventDate "1997.??.??"]

1. e4 c5 2. Nc3 d6 3. f4 Nc6 4. Nf3 g6 5. Bc4 Bg7 6. O-O Bg4 7. Bxf7+ Kd7 8.
Bd5 Nf6 9. Bxc6+ Kxc6 10. e5 Nd7 11. d4 Qb6 12. dxc5 Qxc5+ 13. Nd4+ Kc7 14.
Ncb5+ Kc8 15. Qxg4 a6 16. Rf2 Bf8 17. Rf3 h5 18. Qxg6 Kb8 19. Rc3 Qb6 20. Qe8+
1-0

[Event "Accademia Cup"]
[Site "Roma ITA"]
[Date "1997.??.??"]
[Round "?"]
[White "Colangeli, Claudio"]
[Black "De Blasio, Alessandro"]
[Result "1-0"]
[WhiteElo "1600"]
[BlackElo "1609"]
[PlyCount "119"]
[EventDate "1997.??.??"]

1. d4 d5 2. c4 e6 3. cxd5 exd5 4. Nc3 Nf6 5. Bg5 c6 6. Nf3 h6 7. Bh4 Bf5 8. e3
Nbd7 9. Bd3 Bxd3 10. Qxd3 Be7 11. Qc2 O-O 12. O-O Re8 13. Rab1 Ne4 14. Bxe7
Qxe7 15. Nxe4 Qxe4 16. Qxe4 Rxe4 17. b4 Nb6 18. Nd2 Re7 19. Rfc1 a6 20. Ra1 f5
21. g3 g5 22. a4 Rf8 23. b5 Re6 24. bxc6 bxc6 25. a5 Nd7 26. Rab1 f4 27. Rb7
fxe3 28. fxe3 Rf7 29. Rf1 Ref6 30. Rxf6 Nxf6 31. Rb6 Ng4 32. Nf1 Nf2 33. Rxc6
Nh3+ 34. Kg2 g4 35. Rg6+ Kh7 36. Rxg4 Rf2+ 37. Kxh3 Rxf1 38. e4 dxe4 39. Rxe4
Ra1 40. Re5 Ra4 41. Rd5 Kg7 42. Kg4 Kf7 43. Kf5 h5 44. h4 Ke7 45. Ke5 Ra3 46.
Kf4 Ra4 47. Ke4 Ra3 48. Rg5 Kd7 49. Rxh5 Rxg3 50. Rh6 Rg4+ 51. Kd5 Kc7 52. Kc5
Kb7 53. Rh7+ Kb8 54. d5 Ra4 55. Kb6 Rb4+ 56. Kxa6 Kc8 57. d6 Kd8 58. h5 Kc8 59.
h6 Kd8 60. Rb7 1-0

[Event "Accademia Cup"]
[Site "Roma ITA"]
[Date "1997.??.??"]
[Round "?"]
[White "Colangeli, Claudio"]
[Black "Marta, Daniele"]
[Result "0-1"]
[WhiteElo "1600"]
[BlackElo "1807"]
[PlyCount "68"]
[EventDate "1997.??.??"]

1. d4 Nf6 2. c4 g6 3. Nc3 Bg7 4. e4 d6 5. Be2 O-O 6. Nf3 e5 7. d5 a5 8. Bg5 h6
9. Bh4 Na6 10. Nd2 Qe8 11. O-O Nc5 12. b3 Nh7 13. f3 f5 14. a3 f4 15. b4 axb4
16. axb4 Rxa1 17. Qxa1 Na6 18. Qa3 g5 19. Bf2 h5 20. c5 Nb8 21. cxd6 cxd6 22.
Bb5 Qg6 23. Ba7 Nd7 24. Nc4 g4 25. Kh1 Qf6 26. Bxd7 Bxd7 27. b5 g3 28. Qxd6 Qh4
29. Bg1 Rd8 30. Qb4 Bf8 31. Qb2 Bc5 32. h3 Bxh3 33. gxh3 Qxh3+ 34. Bh2 Qxf1+
0-1

[Event "Accademia Cup"]
[Site "Roma ITA"]
[Date "1997.??.??"]
[Round "?"]
[White "Colangeli, Claudio"]
[Black "Petruccioli, Antonio"]
[Result "1/2-1/2"]
[WhiteElo "1600"]
[BlackElo "1926"]
[PlyCount "57"]
[EventDate "1997.??.??"]

1. d4 c5 2. d5 e6 3. c4 Nf6 4. Nc3 exd5 5. cxd5 d6 6. e4 g6 7. Bd3 Bg7 8. Nge2
O-O 9. O-O a6 10. a4 b6 11. h3 Nbd7 12. f4 Qe7 13. Ng3 Bb7 14. Bd2 h5 15. Qf3
Rac8 16. b3 h4 17. Nge2 Rce8 18. Rab1 b5 19. axb5 axb5 20. b4 c4 21. Bc2 Nh5
22. Rfe1 Ba6 23. Ra1 Nb8 24. Ra5 Rc8 25. Rea1 Qb7 26. R1a2 Rfe8 27. Be1 Bf6 28.
Bf2 Bd8 29. R5a3 1/2-1/2

[Event "Accademia Cup"]
[Site "Roma ITA"]
[Date "1997.??.??"]
[Round "?"]
[White "Colangeli, Claudio"]
[Black "Sabatini, Mario"]
[Result "0-1"]
[WhiteElo "1600"]
[BlackElo "2075"]
[PlyCount "121"]
[EventDate "1997.??.??"]

1. d4 Nf6 2. c4 e6 3. g3 Bb4+ 4. Bd2 Qe7 5. Bg2 O-O 6. a3 Bxd2+ 7. Qxd2 d5 8.
Nc3 dxc4 9. Nf3 c6 10. Ne5 Na6 11. Nxc4 Rd8 12. b4 c5 13. bxc5 Nxc5 14. Rb1 Rb8
15. e4 b6 16. Qe3 Ncd7 17. O-O Ba6 18. Nb5 Ne8 19. Rfc1 Bxb5 20. Rxb5 a6 21.
Rb3 Rdc8 22. a4 Rc7 23. Na3 Rbc8 24. Rbc3 Qb4 25. Rxc7 Rxc7 26. Rxc7 Nxc7 27.
Qc1 Ne8 28. Qc8 Qxa3 29. Qxe8+ Nf8 30. Qc6 Qa1+ 31. Bf1 Qxd4 32. Bxa6 h6 33.
Bb5 g5 34. Qc4 Qa1+ 35. Kg2 Ng6 36. Qc7 Qd4 37. Qc4 Qe5 38. Qd3 Kg7 39. Qf3 Qc5
40. Qd3 Ne5 41. Qe2 Qd4 42. f4 gxf4 43. gxf4 Ng6 44. Kg3 Qg1+ 45. Qg2 Qe1+ 46.
Qf2 Qxe4 47. Qf3 Qe1+ 48. Qf2 Qxf2+ 49. Kxf2 Nxf4 50. Ke3 e5 51. Ke4 Kf6 52.
Bc4 Ne6 53. Kd5 Nd4 54. Kd6 e4 55. Kd5 Nf3 56. Kxe4 Nxh2 57. Kd5 Ng4 58. Be2
Ne5 59. Bh5 Nd7 60. Kc6 Ke7 61. Bxf7 0-1

[Event "Accademia Cup"]
[Site "Roma ITA"]
[Date "1997.??.??"]
[Round "?"]
[White "Colantonio, Marco"]
[Black "Cattarinich, Benedetto"]
[Result "1/2-1/2"]
[WhiteElo "1573"]
[BlackElo "1807"]
[PlyCount "108"]
[EventDate "1997.??.??"]

1. e4 c5 2. c3 b6 3. d4 Bb7 4. e5 e6 5. Nf3 Nc6 6. a3 Nge7 7. Be3 cxd4 8. cxd4
Nd5 9. Nc3 Nxc3 10. bxc3 Be7 11. Be2 O-O 12. O-O d6 13. Bf4 dxe5 14. Nxe5 Nxe5
15. Bxe5 Bd6 16. f4 Qd7 17. Bf3 Be7 18. Bxb7 Qxb7 19. f5 f6 20. Bg3 exf5 21.
Rxf5 Qe4 22. Qb3+ Kh8 23. Rf3 Qc6 24. Re1 Rae8 25. Kh1 Bd6 26. Ree3 Bxg3 27.
Rxg3 Re4 28. h3 Qe8 29. c4 Qe6 30. Rxe4 Qxe4 31. Rg4 Qe1+ 32. Kh2 Re8 33. c5
bxc5 34. Qf7 Qe7 35. Qxe7 Rxe7 36. dxc5 Rc7 37. Ra4 Kg8 38. Kg3 Kf7 39. Kf4
Rxc5 40. Rxa7+ Ke6 41. Rxg7 Rc4+ 42. Kf3 Rc3+ 43. Kf2 Rxa3 44. Rxh7 Kf5 45. Rg7
Kf4 46. Rg4+ Kf5 47. Rg3 Ra2+ 48. Kg1 Kf4 49. Rf3+ Kg5 50. Kh2 Rb2 51. Kg3 Rb4
52. Re3 f5 53. Kf3 Rf4+ 54. Kg3 Ra4 1/2-1/2

[Event "Accademia Cup"]
[Site "Roma ITA"]
[Date "1997.??.??"]
[Round "?"]
[White "Concutelli, Alberto"]
[Black "Buffoni, Luca"]
[Result "1/2-1/2"]
[WhiteElo "1600"]
[BlackElo "1699"]
[PlyCount "67"]
[EventDate "1997.??.??"]

1. e4 e5 2. Nf3 Nf6 3. d4 Nxe4 4. Bd3 d5 5. Nxe5 Bd6 6. Nc3 Nxc3 7. bxc3 O-O 8.
O-O Nd7 9. f4 Nf6 10. Qf3 c5 11. Qd1 c4 12. Be2 Ne4 13. Bd2 Qc7 14. Bf3 f6 15.
Bxe4 dxe4 16. Ng4 Bxg4 17. Qxg4 f5 18. Qe2 b5 19. g3 a5 20. Rfb1 Rfb8 21. a3
Rb7 22. Kg2 Rab8 23. Kf2 Qc6 24. Ke3 Qd5 25. Qd1 g6 26. Qe1 Bf8 27. Qd1 Bg7 28.
Be1 Rd8 29. Ra2 b4 30. axb4 axb4 31. Rab2 bxc3 32. Bxc3 Rxb2 33. Rxb2 h6 34.
Ra2 1/2-1/2

[Event "Accademia Cup"]
[Site "Roma ITA"]
[Date "1997.??.??"]
[Round "?"]
[White "Concutelli, Alberto"]
[Black "Mazziotto, Nicola"]
[Result "1-0"]
[WhiteElo "1600"]
[BlackElo "1522"]
[PlyCount "57"]
[EventDate "1997.??.??"]

1. e4 Nf6 2. e5 Nd5 3. c4 Nb6 4. d4 Nc6 5. Nc3 d6 6. exd6 exd6 7. d5 Ne5 8. f4
Nexc4 9. Bxc4 Qe7+ 10. Be2 Bd7 11. Nf3 g6 12. O-O Bg7 13. Bd2 O-O 14. Re1 Qd8
15. Rc1 Bg4 16. Ng5 Bxe2 17. Rxe2 Qd7 18. Qb3 a6 19. Rce1 Rae8 20. Be3 Qg4 21.
Nf3 h5 22. Bxb6 Rxe2 23. Rxe2 cxb6 24. Qxb6 Qxf4 25. Qe3 Qb4 26. Kh1 Rc8 27.
Ng5 Bh6 28. Qe4 Rc4 29. Qe8+ 1-0

[Event "Accademia Cup"]
[Site "Roma ITA"]
[Date "1997.??.??"]
[Round "?"]
[White "Concutelli, Alberto"]
[Black "Quaglia, Ferdinando"]
[Result "1-0"]
[WhiteElo "1600"]
[BlackElo "1541"]
[PlyCount "95"]
[EventDate "1997.??.??"]

1. e4 d6 2. d4 g6 3. Nf3 Bg7 4. Be3 Nf6 5. Bd3 O-O 6. Nbd2 Nbd7 7. O-O Ng4 8.
Qe2 Nxe3 9. Qxe3 Nf6 10. h3 Nd7 11. Nh2 c5 12. c3 Qb6 13. Nc4 Qc7 14. f4 b5 15.
Nd2 Qb6 16. Nhf3 cxd4 17. cxd4 e5 18. fxe5 Nxe5 19. Rae1 Nxd3 20. Qxd3 Be6 21.
b3 f5 22. Kh1 fxe4 23. Nxe4 Bf5 24. Qd2 Rae8 25. Nc3 Qc6 26. Rxe8 Rxe8 27. Kh2
b4 28. Na4 Qb5 29. Rf2 Be4 30. Qf4 Bxf3 31. Rxf3 Qd5 32. Re3 Rxe3 33. Qxe3 Bxd4
34. Qe8+ Kg7 35. Qe7+ Kh6 36. Qh4+ Qh5 37. Qxd4 Qe5+ 38. Qxe5 dxe5 39. Kg3 Kg5
40. Kf3 Kf5 41. Nb2 h5 42. Nc4 h4 43. Ne3+ Kf6 44. Ke4 Ke6 45. Nc4 Kf6 46. Nxe5
a5 47. Nc6 g5 48. Nxa5 1-0

[Event "Accademia Cup"]
[Site "Roma ITA"]
[Date "1997.??.??"]
[Round "?"]
[White "Concutelli, Alberto"]
[Black "Rossi De Gasperis, Pietro"]
[Result "1/2-1/2"]
[WhiteElo "1600"]
[BlackElo "1833"]
[PlyCount "95"]
[EventDate "1997.??.??"]

1. e4 c5 2. Nf3 Nc6 3. d4 cxd4 4. c3 dxc3 5. Nxc3 e6 6. Bf4 Bb4 7. Rc1 Nf6 8.
Bg5 h6 9. Bxf6 Qxf6 10. Bc4 O-O 11. O-O a6 12. a3 Be7 13. Qe2 b5 14. Ba2 Bb7
15. e5 Qf4 16. Rfd1 Rad8 17. Rd2 d5 18. exd6 Rxd6 19. Rcd1 Rfd8 20. Rxd6 Rxd6
21. Bb1 Nd4 22. Nxd4 Rxd4 23. Rxd4 Qxd4 24. Qc2 g6 25. Ne2 Qe5 26. h3 Bd6 27.
Ng3 f5 28. Qd2 Qd5 29. Qxd5 Bxd5 30. Ne2 e5 31. Nc3 Bc6 32. Ba2+ Kg7 33. Kf1 a5
34. Ke2 b4 35. axb4 axb4 36. Nd5 Bxd5 37. Bxd5 Kf6 38. b3 e4 39. f3 exf3+ 40.
Kxf3 Ke5 41. Bc4 g5 42. g4 f4 43. Bf7 Kd4 44. Bc4 Kc3 45. Bd5 Kd2 46. Bc4 Bc5
47. Bd5 Ke1 48. Bc4 1/2-1/2

[Event "Accademia Cup"]
[Site "Roma ITA"]
[Date "1997.??.??"]
[Round "?"]
[White "Corinthios, Raimondo"]
[Black "Luzi, Alessandro"]
[Result "1-0"]
[WhiteElo "1510"]
[BlackElo "1567"]
[PlyCount "112"]
[EventDate "1997.??.??"]

1. e4 d6 2. d4 g6 3. f4 Bg7 4. Nf3 Nf6 5. e5 Nd5 6. Bc4 Nb6 7. Bb3 Nc6 8. O-O
Na5 9. c3 Nxb3 10. axb3 O-O 11. Be3 c6 12. Na3 Nd5 13. Qd2 Be6 14. c4 Nxe3 15.
Qxe3 Qb6 16. Nd2 Rfd8 17. c5 dxc5 18. dxc5 Qb4 19. Nac4 Bxc4 20. Nxc4 b5 21.
cxb6 axb6 22. Qxb6 Qxb6+ 23. Nxb6 Rxa1 24. Rxa1 Bf8 25. Nc4 Rb8 26. Nd2 e6 27.
Ne4 Rxb3 28. Ra8 Rxb2 29. Nf6+ Kg7 30. Ne8+ Kh6 31. Nd6 Kg7 32. Ne8+ Kh6 33.
Nd6 Bxd6 34. exd6 Rd2 35. Rd8 Kg7 36. Kf1 Kf6 37. h4 h5 38. g3 c5 39. Ke1 Rd3
40. Ke2 Rxg3 41. Rc8 Rg2+ 42. Ke3 Rg3+ 43. Kd2 Rg2+ 44. Kc3 c4 45. d7 Kf5 46.
d8=Q Kxf4 47. Qf6+ Kg3 48. Rxc4 Rf2 49. Qg5+ Kh3 50. Qe3+ Kg2 51. Rf4 Rxf4 52.
Qxf4 Kh3 53. Qxf7 Kxh4 54. Qxg6 e5 55. Qe4+ Kg3 56. Qxe5+ Kg4 1-0

[Event "Accademia Cup"]
[Site "Roma ITA"]
[Date "1997.??.??"]
[Round "?"]
[White "Corinthios, Raimondo"]
[Black "Righetti, Gianfranco"]
[Result "0-1"]
[WhiteElo "1510"]
[BlackElo "1594"]
[PlyCount "54"]
[EventDate "1997.??.??"]

1. e4 e5 2. Nf3 d5 3. exd5 e4 4. Nd4 Qxd5 5. Nb5 Qe5 6. Be2 a6 7. N5c3 Bd6 8.
d4 exd3 9. Qxd3 Bf5 10. Qd5 Nc6 11. Qxe5+ Nxe5 12. O-O Nf6 13. f4 Nc6 14. Re1
O-O-O 15. Bf3 Nd4 16. Na3 Bxa3 17. bxa3 Nxc2 18. Bxb7+ Kxb7 19. Rb1+ Kc8 20.
Re5 Bd3 21. Na4 Nd4 22. Rb2 Ne2+ 23. Rexe2 Bxe2 24. Rc2 Ne4 25. h3 Rd1+ 26. Kh2
Bd3 27. Nb6+ Kb7 0-1

[Event "Accademia Cup"]
[Site "Roma ITA"]
[Date "1997.??.??"]
[Round "?"]
[White "Corinthios, Raimondo"]
[Black "Russi, Roberto"]
[Result "0-1"]
[WhiteElo "1510"]
[BlackElo "1651"]
[PlyCount "114"]
[EventDate "1997.??.??"]

1. e4 g6 2. d4 d6 3. Be2 Bg7 4. f4 Nd7 5. Nf3 Nh6 6. O-O c6 7. c3 d5 8. e5 Nf8
9. Bd3 Bf5 10. Re1 e6 11. Bxf5 Nxf5 12. Nbd2 Nd7 13. Nb3 O-O 14. Qd3 Qc7 15.
Bd2 Rfd8 16. Rac1 Bf8 17. c4 dxc4 18. Qxc4 Nb6 19. Qc2 Nd5 20. a3 a5 21. g4
Nfe7 22. Re2 b6 23. h4 a4 24. Na1 Qd7 25. h5 f5 26. exf6 Nxf6 27. hxg6 hxg6 28.
Rce1 Qd5 29. Ng5 Qxd4+ 30. Be3 Qd3 31. Nxe6 Qxc2 32. Nxc2 Rd7 33. Bxb6 Ned5 34.
Nxf8 Kxf8 35. Bc5+ Kf7 36. g5 Nh5 37. f5 gxf5 38. Re6 Nhf4 39. Rxc6 Nh3+ 40.
Kh2 Nxg5 41. Rf1 Rh8+ 42. Kg1 Nh3+ 43. Kg2 Ndf4+ 44. Kf3 Rd3+ 45. Be3 Nd5 46.
Ke2 Nxe3 47. Nxe3 Rhd8 48. Rxf5+ Kg8 49. Rg6+ Kh7 50. Rg4 R3d6 51. Rf7+ Kh6 52.
Nf5+ Kh5 53. Nxd6 Kxg4 54. Nc4 Rc8 55. Ne5+ Kg5 56. Ke3 Re8 57. Kd4 Nf4 0-1

[Event "Accademia Cup"]
[Site "Roma ITA"]
[Date "1997.??.??"]
[Round "?"]
[White "Corinthios, Raimondo"]
[Black "Trebeschi, Andrea"]
[Result "0-1"]
[WhiteElo "1510"]
[BlackElo "1699"]
[PlyCount "100"]
[EventDate "1997.??.??"]

1. e4 d6 2. d4 Nf6 3. Nc3 g6 4. f4 Bg7 5. e5 dxe5 6. fxe5 Nd5 7. Bc4 Be6 8. Bb3
O-O 9. Nf3 Nxc3 10. bxc3 Bxb3 11. cxb3 Nc6 12. O-O h6 13. Be3 e6 14. Qc1 Kh7
15. h4 Ne7 16. g4 Nd5 17. Bd2 Qe7 18. Kg2 c5 19. Rh1 cxd4 20. cxd4 Rac8 21. Qe1
Kg8 22. Rc1 Qa3 23. Rxc8 Rxc8 24. Qb1 Qe7 25. Rc1 Rc7 26. Rc4 b5 27. Rxc7 Qxc7
28. Qc1 Qxc1 29. Bxc1 Kf8 30. Ne1 Ke8 31. Nd3 Bf8 32. a3 Kd7 33. Nc5+ Kc6 34.
b4 Nb6 35. Kf3 Kd5 36. Ke3 h5 37. g5 a5 38. Kd3 axb4 39. axb4 Nc8 40. Bd2 Ne7
41. Nd7 Bg7 42. Nf6+ Bxf6 43. gxf6 Nf5 44. Be1 Nxd4 45. Bg3 Nc6 46. Kc3 Nxe5
47. Bf4 Nd7 48. Bg5 Ke5 49. Kd3 Nxf6 50. Bxf6+ Kxf6 0-1

[Event "Accademia Cup"]
[Site "Roma ITA"]
[Date "1997.??.??"]
[Round "?"]
[White "Crucioli, Marco"]
[Black "Luna, Giovanni"]
[Result "1-0"]
[WhiteElo "1630"]
[BlackElo "1564"]
[PlyCount "81"]
[EventDate "1997.??.??"]

1. e4 e5 2. Nf3 Nc6 3. Bc4 Nf6 4. d3 h6 5. c3 d6 6. h3 Na5 7. Bb5+ c6 8. Ba4 b5
9. Bc2 c5 10. a3 Bb7 11. b4 Nc6 12. O-O a5 13. bxc5 dxc5 14. Be3 Bd6 15. Nh2
Qd7 16. Nd2 a4 17. Ndf3 O-O 18. Nh4 Ne7 19. Qd2 Kh7 20. Bd1 Ng6 21. Nf5 Nf4 22.
Ng4 Qd8 23. g3 h5 24. Nxf6+ Qxf6 25. Nxd6 Qxd6 26. gxf4 Qg6+ 27. Kh2 f5 28. Rg1
Qd6 29. Bxh5 Rad8 30. fxe5 Qxe5+ 31. f4 Qd6 32. Bg6+ Kh8 33. Bxf5 Qxd3 34. Qg2
Qxc3 35. Qg6 Rxf5 36. Qxf5 Qxe3 37. Qh5+ Kg8 38. Rxg7+ Kxg7 39. Rg1+ Kf8 40.
Qh6+ Ke8 41. Qe6+ 1-0

[Event "Accademia Cup"]
[Site "Roma ITA"]
[Date "1997.??.??"]
[Round "?"]
[White "Crucioli, Marco"]
[Black "Marzano, Carlo"]
[Result "0-1"]
[WhiteElo "1630"]
[BlackElo "2175"]
[PlyCount "58"]
[EventDate "1997.??.??"]

1. e4 e6 2. Bb5 a6 3. Ba4 b5 4. Bb3 c5 5. c3 c4 6. Bc2 Bb7 7. d4 cxd3 8. Bxd3
Nf6 9. Qe2 d6 10. Nf3 Nbd7 11. Bg5 Be7 12. Nfd2 Nc5 13. Bc2 h6 14. Bh4 e5 15.
f3 O-O 16. O-O Qc7 17. Bf2 Rfe8 18. Nb3 Ne6 19. g3 Rad8 20. a4 bxa4 21. N3d2
Nc5 22. Bxa4 Nxa4 23. Rxa4 d5 24. exd5 Nxd5 25. Nc4 Bc6 26. Ra2 Bb5 27. Nbd2
Rc8 28. Rd1 Red8 29. Ra5 Qxa5 0-1

[Event "Accademia Cup"]
[Site "Roma ITA"]
[Date "1997.??.??"]
[Round "?"]
[White "Crucioli, Marco"]
[Black "Perotti, Germano"]
[Result "1-0"]
[WhiteElo "1630"]
[BlackElo "1717"]
[PlyCount "59"]
[EventDate "1997.??.??"]

1. e4 d6 2. f4 Nf6 3. d3 g6 4. Nf3 Bg7 5. Be2 Nc6 6. O-O O-O 7. c3 e5 8. f5
gxf5 9. exf5 Bxf5 10. Nxe5 Nxe5 11. Rxf5 Qd7 12. Qf1 Qe6 13. Bg5 Nfd7 14. d4
Ng6 15. Bc4 Qe8 16. Nd2 Nb6 17. Re1 Qd7 18. Bb3 d5 19. h4 h6 20. Bf6 Bxf6 21.
Rxf6 Qg4 22. Bc2 Nd7 23. Bf5 Qxh4 24. Bxd7 Rad8 25. Bb5 c6 26. Bd3 Rde8 27. Re2
Rxe2 28. Bxe2 Re8 29. Qf2 Rxe2 30. Rxg6+ 1-0

[Event "Accademia Cup"]
[Site "Roma ITA"]
[Date "1997.??.??"]
[Round "?"]
[White "Crucioli, Marco"]
[Black "Vaccaro, Maurizio"]
[Result "0-1"]
[WhiteElo "1630"]
[BlackElo "1764"]
[PlyCount "92"]
[EventDate "1997.??.??"]

1. e4 e6 2. f4 b6 3. Nf3 Bb7 4. d3 f5 5. e5 Nh6 6. Be2 d6 7. O-O Be7 8. c3 Qd7
9. Na3 Nf7 10. d4 dxe5 11. Nxe5 Nxe5 12. fxe5 Bxa3 13. bxa3 O-O 14. Bc4 Kh8 15.
Rf2 Nc6 16. a4 Nxe5 17. Bxe6 Qxe6 18. dxe5 Qxe5 19. Bf4 Qe4 20. Bxc7 Rac8 21.
Re2 Qg4 22. h3 Qg6 23. Qd7 Bc6 24. Qd6 Qxd6 25. Bxd6 Rfd8 26. Be5 Kg8 27. a5
bxa5 28. Bd4 Be4 29. Bxa7 Rxc3 30. Rb2 Rdc8 31. Rd1 Rc2 32. Rd2 Rxb2 33. Rxb2
Kf7 34. Be3 h6 35. h4 Kg6 36. g3 Kh5 37. Kf2 Kg4 38. Rd2 g5 39. hxg5 hxg5 40.
Rb2 Rh8 41. Bd2 Rh2+ 42. Ke1 Rh1+ 43. Kf2 Bf3 44. Rb5 Rh2+ 45. Ke3 f4+ 46. gxf4
gxf4+ 0-1

[Event "Accademia Cup"]
[Site "Roma ITA"]
[Date "1997.??.??"]
[Round "?"]
[White "De Blasio, Alessandro"]
[Black "Casella, Carlo"]
[Result "0-1"]
[WhiteElo "1609"]
[BlackElo "1516"]
[PlyCount "108"]
[EventDate "1997.??.??"]

1. e4 c6 2. d4 d5 3. exd5 cxd5 4. c4 Nf6 5. Nc3 e6 6. Nf3 Nc6 7. c5 Be7 8. Bb5
Bd7 9. Bxc6 bxc6 10. Ne5 O-O 11. Nxd7 Qxd7 12. Bf4 Qb7 13. Qe2 Qb4 14. Be5 Nd7
15. a3 Qb3 16. Bf4 Bf6 17. Rd1 e5 18. dxe5 Bxe5 19. Bxe5 Nxe5 20. O-O Nc4 21.
Rb1 Rfe8 22. Qd1 Rab8 23. Qc1 d4 24. Nd1 Re2 25. Qf4 d3 26. Rc1 Rc2 27. Ne3
Rxc1 28. Rxc1 d2 29. Qxc4 dxc1=Q+ 30. Qxc1 Qxb2 31. Qd1 Qb1 32. Kf1 Qxd1+ 33.
Nxd1 Rb3 34. Ne3 Rxa3 35. Nf5 Kf8 36. Nd4 Ra6 37. Ke2 g6 38. Ke3 Ke7 39. h4 Kd7
40. Nf3 f6 41. Nd2 Ke6 42. g4 Kd5 43. Ne4 Ke6 44. g5 f5 45. Nf6 Ra4 46. Nxh7
Rxh4 47. Nf8+ Kf7 48. Nd7 a5 49. Ne5+ Kg7 50. Nxc6 a4 51. Nd4 a3 52. Nb3 a2 53.
Kd2 Rc4 54. Kd3 Rxc5 0-1

[Event "Accademia Cup"]
[Site "Roma ITA"]
[Date "1997.??.??"]
[Round "?"]
[White "De Blasio, Alessandro"]
[Black "Crucioli, Marco"]
[Result "0-1"]
[WhiteElo "1609"]
[BlackElo "1630"]
[PlyCount "134"]
[EventDate "1997.??.??"]

1. e4 e5 2. f4 exf4 3. Nf3 Be7 4. Nc3 Bh4+ 5. Ke2 d6 6. d4 Bg4 7. Bxf4 Nc6 8.
Qd3 Bf6 9. Be3 Nge7 10. Kd2 O-O 11. h3 Bxf3 12. gxf3 Nb4 13. Qc4 c5 14. d5 a6
15. a3 b5 16. Qe2 Bxc3+ 17. bxc3 Nbxd5 18. exd5 Nxd5 19. Qd3 Nb6 20. Qf5 Re8
21. Rg1 Re5 22. Qg4 Rd5+ 23. Bd3 g6 24. Kc1 Qf6 25. Bd2 Na4 26. Be4 Rxd2 27.
Kxd2 Qxc3+ 28. Ke2 Re8 29. Qd7 Qe5 30. Kf2 Nc3 31. Rae1 Re6 32. Qd8+ Kg7 33.
Qg5 Qd4+ 34. Kg2 Nxe4 35. Rxe4 Rxe4 36. fxe4 Qxe4+ 37. Kh2 Qxc2+ 38. Rg2 Qc3
39. Qd2 Qe5+ 40. Kh1 d5 41. Rg5 Qe4+ 42. Kh2 f5 43. Qc3+ Kh6 44. Rg2 c4 45.
Qd2+ Kg7 46. Re2 Qf3 47. Qd4+ Kf7 48. Qa7+ Kf8 49. Qc5+ Kg7 50. Qe7+ Kh6 51.
Qh4+ Qh5 52. Qxh5+ Kxh5 53. Re6 d4 54. Kg3 g5 55. Rxa6 d3 56. Kf3 g4+ 57. hxg4+
fxg4+ 58. Ke3 g3 59. Rb6 Kg4 60. Rxb5 h5 61. Rb4 g2 62. Rxc4+ Kg3 63. Rc1 h4
64. Kxd3 h3 65. Ke2 h2 66. Rc3+ Kf4 67. Rf3+ Kg4 0-1

[Event "Accademia Cup"]
[Site "Roma ITA"]
[Date "1997.??.??"]
[Round "?"]
[White "De Blasio, Alessandro"]
[Black "Piacentini, Carlo"]
[Result "1/2-1/2"]
[WhiteElo "1609"]
[BlackElo "1680"]
[PlyCount "93"]
[EventDate "1997.??.??"]

1. e4 e5 2. f4 d5 3. exd5 e4 4. d3 Qxd5 5. Nd2 exd3 6. Bxd3 Nf6 7. Qe2+ Qe6 8.
Ngf3 Qxe2+ 9. Kxe2 Bc5 10. Nb3 Bb6 11. Bd2 O-O 12. Rae1 Ng4 13. Rhf1 Nc6 14. h3
Nf6 15. Kd1 Be6 16. f5 Bd7 17. g4 Rfe8 18. g5 Rxe1+ 19. Rxe1 Ne8 20. Ne5 Nxe5
21. Rxe5 Nd6 22. c4 Bg1 23. Nc5 f6 24. gxf6 gxf6 25. Re7 Bxf5 26. Bxf5 Nxf5 27.
Rxc7 b6 28. Ne4 Bd4 29. Bc3 Rd8 30. Kc2 Ne3+ 31. Kb3 f5 32. Bxd4 Rxd4 33. Nf6+
Kf8 34. Nxh7+ Kg8 35. Nf6+ Kf8 36. Kc3 Rh4 37. Rxa7 Rxh3 38. Kb4 Rh6 39. Nd7+
Ke8 40. Ne5 f4 41. Rf7 Re6 42. Rxf4 Rxe5 43. Rf6 Re4 44. Kc3 Rxc4+ 45. Kd3 Rb4
46. Re6+ Kd7 47. Rxe3 1/2-1/2

[Event "Accademia Cup"]
[Site "Roma ITA"]
[Date "1997.??.??"]
[Round "?"]
[White "De Blasio, Alessandro"]
[Black "Trebeschi, Andrea"]
[Result "0-1"]
[WhiteElo "1609"]
[BlackElo "1699"]
[PlyCount "42"]
[EventDate "1997.??.??"]

1. e4 d6 2. d4 Nf6 3. Nc3 g6 4. Bg5 Bg7 5. f4 O-O 6. e5 Nfd7 7. Bc4 Nb6 8. Bb3
d5 9. Qf3 c6 10. g4 f6 11. Bh4 fxe5 12. dxe5 Bxe5 13. f5 gxf5 14. gxf5 Bxf5 15.
Qg2+ Bg7 16. Nge2 Na6 17. Rg1 Bg6 18. O-O-O Nc5 19. Nd4 Nxb3+ 20. axb3 Qd6 21.
Nf3 Qf4+ 0-1

[Event "Accademia Cup"]
[Site "Roma ITA"]
[Date "1997.??.??"]
[Round "?"]
[White "De Carolis, Massimo"]
[Black "Barro, Carlo"]
[Result "1-0"]
[WhiteElo "1666"]
[BlackElo "1762"]
[PlyCount "97"]
[EventDate "1997.??.??"]

1. e4 d6 2. d4 Nf6 3. Nc3 g6 4. Nf3 Bg7 5. h3 O-O 6. Bf4 Nh5 7. Be3 Nf6 8. Bd3
Nc6 9. a3 a6 10. O-O b5 11. b4 e5 12. dxe5 dxe5 13. Qd2 Be6 14. Ng5 Nd4 15.
Nxe6 Nxe6 16. Ne2 Nd7 17. c4 c6 18. cxb5 axb5 19. Rfc1 Ra6 20. Rc2 Nf4 21. Raa2
Nxd3 22. Qxd3 Nf6 23. Qxd8 Rxd8 24. f3 h6 25. Nc1 Bf8 26. Nb3 Rd3 27. Nc5 Bxc5
28. Bxc5 Nh5 29. Be7 Nf4 30. Bf6 Nh5 31. Bxe5 f6 32. Bc7 g5 33. Kf2 Kf7 34. g3
Ng7 35. Ba5 Ne6 36. Rd2 Rxd2+ 37. Rxd2 Ke7 38. Ke3 c5 39. Rd5 Ra7 40. f4 Rb7
41. f5 Nd4 42. Rxc5 Nb3 43. Rc7+ Rxc7 44. Bxc7 Kd7 45. Bb6 Na1 46. Kd3 Kc6 47.
Bd4 Nb3 48. Bxf6 Nc1+ 49. Kd2 1-0

[Event "Accademia Cup"]
[Site "Roma ITA"]
[Date "1997.??.??"]
[Round "?"]
[White "De Carolis, Massimo"]
[Black "Fanciulli, Gianluca"]
[Result "1-0"]
[WhiteElo "1666"]
[BlackElo "1564"]
[PlyCount "71"]
[EventDate "1997.??.??"]

1. e4 c6 2. d4 d5 3. e5 Bf5 4. Nf3 e6 5. Be2 Nd7 6. O-O c5 7. c3 Ne7 8. Na3 a6
9. Nc2 Nc6 10. Ne3 Bg6 11. Re1 cxd4 12. cxd4 Qb6 13. b3 Rc8 14. Bb2 Bb4 15. Rf1
h6 16. Bd3 Ne7 17. Bxg6 Nxg6 18. g3 Rc6 19. Qd3 O-O 20. a3 Be7 21. b4 Rfc8 22.
Nd2 Qa7 23. f4 f5 24. g4 Rf8 25. gxf5 Nh4 26. fxe6 Rxe6 27. Nxd5 Rg6+ 28. Kh1
Bd8 29. Rg1 Rxg1+ 30. Rxg1 b5 31. Qe4 a5 32. Bc3 a4 33. Ne3 Qb6 34. f5 Re8 35.
Qd5+ Kf8 36. Qxd7 1-0